| 000 | 00400nam a2200169Ia 4500 | ||
|---|---|---|---|
| 008 | 230524s9999 xx 000 0 und d | ||
| 020 | _a8170088348 | ||
| 082 |
_a621.402 _bRAJ |
||
| 100 | _aR.K.Rajput | ||
| 245 | 0 | _aThermal Engineering | |
| 250 | _a4TH | ||
| 260 |
_aNEW DELHI _bLaxmi _c2004 |
||
| 300 | _aXXXII;1640 | ||
| 500 | _aQuantity Number: 20 | ||
| 650 | _aThermodynamics | ||
| 942 | _cBK | ||
| 999 |
_c25978 _d25978 |
||